Webster's ideal dictionary
Kaydedildi:
| Materyal Türü: | Kitap |
|---|---|
| Dil: | İngilizce |
| Baskı/Yayın Bilgisi: |
Springfield
G & C Merriam
1961
|
| Edisyon: | 5a. ed |
| Konular: | |
| Etiketler: |
Etiketle
Etiket eklenmemiş, İlk siz ekleyin!
|
MARC
| LEADER | 00000nam a2200000 a 4500 | ||
|---|---|---|---|
| 001 | UCQ8204 | ||
| 003 | CL-VaPUC | ||
| 008 | 981209e19610000US |||||||||||||||||eng|d | ||
| 082 | 0 | 4 | |a 423 |b WEB |2 21 |
| 245 | 1 | 0 | |a Webster's ideal dictionary |
| 250 | |a 5a. ed | ||
| 300 | |a 823 p | ||
| 942 | |c BK | ||
| 945 | |d 19981209 00:00:00 |a cmena | ||
| 260 | |a Springfield |b G & C Merriam |c 1961 | ||
| 650 | 0 | |a Diccionarios |9 256200 | |
| 650 | 0 | |a Inglés |9 260023 | |
| 583 | |a last modification |c 19981209 00:00:00 |k Rodrigo Vera | ||
| 999 | |c 277496 |d 277494 | ||
| 952 | |0 0 |1 0 |4 0 |6 423_000000000000000_WEB_1961 |7 0 |8 X |9 315445 |a BIBEDU |b BIBEDU |d 2019-11-20 |i 1497170 |o 423 WEB 1961 |p 1497170 |r 2023-01-13 |w 2019-11-20 |y BK_X |k LIT | ||